Rosita sombrero /

Guardado en:
Detalles Bibliográficos
Autor principal: Concha, Beatriz (autor)
Otros autores: Concha, Beatriz (ilustración) (ilustración)
Formato: Libro
Idioma:Español
Publicado: Santiago, Chile : Zig-Zag, 2004, c1995
Edición:2a edición
Colección:(Delfín de Color. Delfín Azul, desde 9 Años)
Temas:
Etiquetas: Agrega una etiqueta
Sin etiquetas, Sé el primero en etiquetar este registro!

MARC

LEADER 00000nam^a2200000^a^4500
001 000184953
005 20250521000000.0
009 20260310102133.951
020 |a 956-12-1119-X 
037 |a Acervo ITESO - Biblioteca 
041 |a ESP 
082 |a 808. 899282  |b CON 
100 |a Concha, Beatriz  |e (autor) 
245 1 0 |a Rosita sombrero /  |c B. Concha ; il. de B. Concha. 
250 |a 2a edición 
264 4 |a Santiago, Chile :  |b Zig-Zag,  |c 2004, c1995 
300 |a 157 p. 
336 |a texto  |b txt  |2 rdacontenido 
337 |a sin mediación  |b n  |2 rdamedio 
338 |a volumen  |b nc  |2 rdasoporte 
440 1 |a (Delfín de Color.  |p Delfín Azul, desde 9 Años) 
649 |a XX 
650 |a Novela de Aventuras -  |z Chile 
650 |a Novela Fantástica -  |z Chile 
650 |a Novela Chilena 
650 |a Literatura Infantil -  |z Chile 
650 |a Literatura Fantástica -  |z Chile 
650 |a Literatura de Mujeres -  |z Chile 
650 |a Literatura Chilena -  |y Siglo XX 
650 |a Seres Fantásticos en la Literatura 
700 |a Concha, Beatriz  |e (ilustración) 
910 |a Fondo General 
920 |a Impresos - Libros 
930 |a Colección General 
940 |a Literatura 
905 |a 101 
901 |a 0500125886  |b IT1  |c LIT  |u 20250521 
901 |a 0500125889  |b IT1  |c LIT  |u 20250521 
902 |a https://opac.biblio.iteso.mx/vufind/Record/000184953